[Event "Bezirk EM 2023"]
[Site "bei SWNS"]
[Date "2023.09.08"]
[Round "4.8"]
[White "Mueller, Christian"]
[Black "Funk, Benno"]
[Result "1/2-1/2"]
[WhiteElo "2020"]
[BlackElo "1542"]
[PlyCount "77"]
[EventDate "2023.??.??"]
[WhiteTeam "SW Nürnberg Süd"]
[BlackTeam "SGem 1882 Fürth"]

1. e4 c5 2. Nf3 e6 3. d4 cxd4 4. Nxd4 a6 5. Bd3 Qc7 6. O-O Nf6 7. Qe2 d6 8. c4
Be7 9. f4 Nbd7 10. Nf3 Nc5 11. Nc3 Nxd3 12. Qxd3 Nd7 13. Be3 b6 14. b4 Bb7 15.
Rac1 Rc8 16. Ne2 O-O 17. Ned4 Nf6 18. Nd2 d5 19. exd5 exd5 20. Qb1 Ng4 21. cxd5
Qd7 22. Nf5 Nxe3 23. Nxe3 Bxd5 24. Nxd5 Qxd5 25. Nf3 Qd6 26. Ne5 Bf6 27. Rcd1
Qe6 28. Nd7 Rfd8 29. Rfe1 Qc6 30. Qf5 Re8 31. Nxf6+ gxf6 32. h3 Rxe1+ 33. Rxe1
Re8 34. Rxe8+ Qxe8 35. Qxf6 Qe1+ 36. Kh2 Qxb4 37. h4 Qe4 38. Qd8+ Kg7 39. Qxb6
1/2-1/2

[Event "Bezirk EM 2023"]
[Site "bei SWNS"]
[Date "2023.09.08"]
[Round "4.9"]
[White "Hofer, Stefan"]
[Black "Delikatnyi, Denys"]
[Result "1-0"]
[WhiteElo "1989"]
[BlackElo "1542"]
[PlyCount "81"]
[EventDate "2023.??.??"]
[WhiteTeam "TSV Cadolzburg"]
[BlackTeam "SC Forchheim"]

1. Nf3 Nf6 2. c4 g6 3. g3 Bg7 4. Bg2 d6 5. d4 O-O 6. O-O Nbd7 7. Nc3 e5 8. e4
exd4 9. Nxd4 Nb6 10. b3 Re8 11. Rb1 c6 12. h3 d5 13. exd5 cxd5 14. c5 Nbd7 15.
b4 a5 16. a3 axb4 17. axb4 Ne5 18. Ndb5 Ne4 19. Nxe4 dxe4 20. Nd6 Rf8 21. Nxe4
Qxd1 22. Rxd1 Ra2 23. Nd6 Rd8 24. Bg5 f6 25. Nxc8 Rxc8 26. Bxb7 Kf8 27. Bxc8
Nf3+ 28. Kg2 Nxg5 29. Rd8+ Ke7 30. Rd7+ Kf8 31. Bb7 Ne6 32. Re1 Ke8 33. Rxg7
Kf8 34. Rxh7 Ng5 35. Rc7 Rd2 36. h4 Nf7 37. Ree7 Rxf2+ 38. Kxf2 Ng5 39. Bc6
Ne4+ 40. Rxe4 f5 41. Re8# 1-0

[Event "Bezirk EM 2023"]
[Site "bei SWNS"]
[Date "2023.09.08"]
[Round "4.11"]
[White "Bruss, Robert"]
[Black "Kroneder, Christian"]
[Result "0-1"]
[WhiteElo "1854"]
[BlackElo "2047"]
[PlyCount "100"]
[EventDate "2023.??.??"]
[WhiteTeam "SV Altensittenbach"]
[BlackTeam "SK Schwanstetten"]

1. d4 d5 2. c4 c6 3. Nc3 Nf6 4. e3 e6 5. Nf3 Nbd7 6. Qc2 Bd6 7. Bd3 O-O 8. O-O
e5 9. cxd5 cxd5 10. e4 exd4 11. Nxd5 Nxd5 12. exd5 Nf6 13. Nxd4 h6 14. Bc4 Bd7
15. g3 Rc8 16. Qd3 Ng4 17. Nf3 Qf6 18. Bb3 Bf5 19. Qd4 Be5 20. Nxe5 Nxe5 21.
Kg2 Bd3 22. Bf4 Bxf1+ 23. Rxf1 Nd7 24. Qxa7 Nc5 25. Bc4 Qd4 26. b3 Ra8 27. Qb6
Rxa2 28. Kg1 Re8 29. Bd6 Ne6 30. Qxd4 Nxd4 31. Kg2 b5 32. Bd3 Rd2 33. Bb1 Nxb3
34. Bf4 Rxd5 35. Be3 Na5 36. h4 Nc4 37. Bf4 g5 38. hxg5 hxg5 39. Bc1 Red8 40.
Be4 Re5 41. Bc2 Rd7 42. Rh1 f6 43. Rh6 Re2 44. Bb3 Kg7 45. Rh1 Rd4 46. Bd1 Ra2
47. Bb3 Ra1 48. Bc2 Rd6 49. Bb3 Rc6 50. Rf1 Rxc1 0-1

[Event "Bezirk EM 2023"]
[Site "bei SWNS"]
[Date "2023.09.08"]
[Round "4.12"]
[White "Koenig, Oliver"]
[Black "Schalaev, Seryozka"]
[Result "1-0"]
[WhiteElo "2039"]
[BlackElo "1702"]
[PlyCount "83"]
[EventDate "2023.??.??"]
[WhiteTeam "SF Fürth"]
[BlackTeam "SC Jäklechemie"]

1. d4 d5 2. Nc3 Bf5 3. f3 Bg6 4. h4 h5 5. Bf4 c6 6. e3 e6 7. Bd3 Ne7 8. e4 dxe4
9. fxe4 Nd7 10. Nf3 Qb6 11. a3 Nf6 12. Rb1 Ng4 13. Qd2 Qd8 14. O-O Nc8 15. g3
Be7 16. e5 Bxd3 17. Qxd3 Nb6 18. Ne4 Nd5 19. Bd2 b5 20. b3 a6 21. c4 Nb6 22.
Nfg5 Nh6 23. Ba5 Qb8 24. Bb4 Bxb4 25. axb4 Nc8 26. Nc5 Ne7 27. Qf3 Nhf5 28.
Rbe1 Ra7 29. Nce4 Rd7 30. Nd6+ Rxd6 31. exd6 Qxd6 32. d5 cxd5 33. cxd5 e5 34.
Qd3 g6 35. Ne4 Qb6+ 36. Kg2 O-O 37. d6 Nc6 38. Rxf5 gxf5 39. Nf6+ Kg7 40. Qxf5
Rh8 41. Qg5+ Kf8 42. Nd7+ 1-0

[Event "Bezirk EM 2023"]
[Site "bei SWNS"]
[Date "2023.09.08"]
[Round "4.13"]
[White "Zeltner, Ottmar"]
[Black "Pokorny, Klaus"]
[Result "1/2-1/2"]
[WhiteElo "1982"]
[BlackElo "1856"]
[Annotator "Dimi"]
[PlyCount "33"]
[EventDate "2023.??.??"]
[WhiteTeam "SK Rothenburg"]
[BlackTeam "TSV Kirchehrenbach"]

{[%evp 0,18,31,32,49,23,38,13,22,34,28,16,37,21,39,45,45,44,23,4,-3]} 1. e4 e6
2. d4 d5 3. Nc3 Bb4 4. e5 c5 5. a3 Bxc3+ 6. bxc3 Qa5 7. Bd2 Qa4 8. Nf3 c4 9.
Be2 Ne7 10. O-O O-O 11. Nh4 Ng6 12. Nxg6 fxg6 13. h4 h6 14. Be3 Nc6 15. Qc1 Kh7
16. g3 Bd7 17. Kg2 1/2-1/2

[Event "Bezirk EM 2023"]
[Site "bei SWNS"]
[Date "2023.09.08"]
[Round "4.14"]
[White "Meulner, Fabian"]
[Black "Lorenz, Mathias"]
[Result "1-0"]
[WhiteElo "1971"]
[BlackElo "1774"]
[PlyCount "47"]
[EventDate "2023.??.??"]
[WhiteTeam "SC Jäklechemie"]
[BlackTeam "SK Schwanstetten"]

1. c4 Nf6 2. g3 c6 3. Bg2 d5 4. Nf3 dxc4 5. O-O Bf5 6. Na3 e6 7. Nxc4 Nbd7 8.
a3 Qc7 9. d3 e5 10. b4 Bd6 11. Bb2 O-O 12. Rc1 a6 13. Ne3 Be6 14. Ng5 Rfe8 15.
Nxe6 Rxe6 16. Nc4 Bf8 17. e4 Nb6 18. Ne3 Nc8 19. Qb3 Qb6 20. Qc3 a5 21. bxa5
Qxa5 22. Nc4 Qxc3 23. Rxc3 Bd6 24. Bh3 1-0

[Event "Bezirk EM 2023"]
[Site "bei SWNS"]
[Date "2023.09.08"]
[Round "4.15"]
[White "Suess, Helmut"]
[Black "Vennemann, Jürgen"]
[Result "1-0"]
[WhiteElo "1793"]
[BlackElo "1879"]
[PlyCount "73"]
[EventDate "2023.??.??"]
[WhiteTeam "SC Noris-Tarrasch Nürnberg"]
[BlackTeam "SC Hersbruck"]

1. d4 d6 2. Bf4 g6 3. e4 Bg7 4. Nf3 Nd7 5. Nc3 e5 6. dxe5 dxe5 7. Bg5 f6 8. Be3
Nh6 9. h3 O-O 10. Bc4+ Nf7 11. O-O c6 12. Qd2 b5 13. Bb3 Qe7 14. Rfd1 Nc5 15.
Qd6 Qxd6 16. Bxf7+ Kxf7 17. Rxd6 Ne6 18. Rad1 Ke7 19. Rxc6 Bb7 20. Bc5+ Nxc5
21. Rxc5 Rac8 22. Rxb5 Ba8 23. Ra5 Rc7 24. Nd5+ Bxd5 25. Raxd5 Bh6 26. Ne1 Rb8
27. b3 Rb4 28. c4 Bf8 29. Nc2 Rb6 30. Ne3 Ke6 31. Ra5 Bb4 32. Ra4 a5 33. Nd5
Rd7 34. Rd3 Rc6 35. Nxb4 axb4 36. Rxd7 Kxd7 37. Rxb4 1-0

[Event "Bezirk EM 2023"]
[Site "bei SWNS"]
[Date "2023.09.08"]
[Round "4.16"]
[White "Gottlieb, Michael"]
[Black "Ulusoy, Tolga"]
[Result "0-1"]
[WhiteElo "1653"]
[BlackElo "1993"]
[PlyCount "162"]
[EventDate "2023.??.??"]
[WhiteTeam "SV Postbauer"]
[BlackTeam "SC N-T Nürnberg"]

1. e4 c5 2. d4 cxd4 3. c3 Nf6 4. e5 Nd5 5. Qxd4 e6 6. Nf3 Nc6 7. Qg4 Qc7 8. Qg3
g6 9. Nbd2 Bg7 10. Nc4 O-O 11. Bd3 b5 12. Ne3 Nxe3 13. Bxe3 Nxe5 14. Nxe5 Bxe5
15. f4 Bg7 16. O-O Rb8 17. Qf2 a6 18. Rac1 d5 19. Qh4 Qd8 20. Qf2 f6 21. Bc5
Rf7 22. Rce1 Qc7 23. Bd4 Bd7 24. Bc5 Bf8 25. Bd4 Bd6 26. h4 Rbf8 27. Be3 e5 28.
f5 e4 29. fxg6 hxg6 30. Bb6 Bh2+ 31. Kh1 Qg3 32. Re3 Qxf2 33. Rxf2 Be5 34. Bc2
f5 35. Bb3 Be6 36. g3 Kg7 37. Bc5 Rc8 38. Bb6 f4 39. gxf4 Rxf4 40. Rxf4 Bxf4
41. Re2 Be5 42. Rd2 Rc6 43. Ba5 Rc8 44. Bxd5 Bxd5 45. Rxd5 Kf6 46. Bb6 Ke6 47.
Rd1 Rh8 48. Bf2 Bf6 49. Re1 Kf5 50. Rf1 Kg4 51. Rg1+ Kf3 52. Rf1 Ke2 53. Kg2
Bxh4 54. Re1+ Kd3 55. Re3+ Kd2 56. Rxe4 Bxf2 57. Kxf2 Rf8+ 58. Kg3 Rf6 59. Kg4
Kd3 60. Re8 Rf2 61. Ra8 Rf6 62. Kg5 Rc6 63. Rf8 Kc2 64. Rf2+ Kb1 65. a3 Ka2 66.
Rg2 Kb3 67. Rf2 a5 68. Rg2 a4 69. Rh2 Rd6 70. Re2 Rd1 71. Kxg6 Rb1 72. Kf5 Rxb2
73. Re3 Kxa3 74. Ke5 Kb3 75. Kd4 Ka2 76. c4 b4 77. c5 b3 78. c6 Rc2 79. Rc3
Rxc3 80. Kxc3 b2 81. c7 b1=Q 0-1

[Event "Bezirk EM 2023"]
[Site "bei SWNS"]
[Date "2023.09.08"]
[Round "5.1"]
[White "Heidrich, Manfred"]
[Black "Willim, Michael"]
[Result "1/2-1/2"]
[WhiteElo "2339"]
[BlackElo "2095"]
[Annotator "Dimi"]
[PlyCount "69"]
[EventDate "2023.??.??"]
[WhiteTeam "SC Forchheim"]
[BlackTeam "SC Erlangen"]

{[%evp 0,24,19,38,60,60,55,48,45,28,34,34,40,29,24,28,24,24,40,15,25,32,46,42,
59,44,36]} 1. e4 c6 2. d4 d5 3. Nd2 dxe4 4. Nxe4 Nf6 5. Nxf6+ exf6 6. c3 Bd6 7.
Bd3 O-O 8. Ne2 Re8 9. Qc2 h5 10. O-O h4 11. h3 Nd7 12. Bd2 Nf8 13. f4 g6 14.
Rae1 f5 15. c4 Nd7 16. Nc3 Nf6 17. Rxe8+ Qxe8 18. Qc1 Qd8 19. Be3 Be6 20. Qe1
Nh5 21. Qf2 Be7 22. Rd1 Qc7 23. d5 Bd7 24. c5 cxd5 25. Nxd5 Qd8 26. Bc4 Qf8 27.
b4 Rd8 28. Qd2 Nf6 29. Nxe7+ Qxe7 30. Bf2 Ne4 31. Qe1 Ba4 32. Rxd8+ Qxd8 33.
Bf1 Nxf2 34. Qxf2 Qd1 35. Qxh4 1/2-1/2

[Event "Bezirk EM 2023"]
[Site "bei SWNS"]
[Date "2023.09.08"]
[Round "5.2"]
[White "Ammon, Tobias"]
[Black "Albert, Markus"]
[Result "0-1"]
[WhiteElo "2140"]
[BlackElo "2222"]
[Annotator "Dimi"]
[PlyCount "48"]
[EventDate "2023.??.??"]
[WhiteTeam "SV Altensittenbach"]
[BlackTeam "SC Ansbach 1855"]

{[%evp 0,25,19,42,36,37,44,53,56,54,56,35,41,32,74,62,61,55,53,56,74,67,73,71,
65,65,66,69]} 1. e4 d5 2. exd5 Nf6 3. d4 Nxd5 4. Nf3 Bf5 5. Bd3 Bxd3 6. Qxd3 c6
7. c4 Nf6 8. Nc3 e6 9. O-O Be7 10. Bf4 O-O 11. Rad1 Nbd7 12. h3 Re8 13. Rfe1
Nf8 14. Ne5 Qa5 15. a3 Rad8 16. b4 Qa6 17. b5 cxb5 18. Nxb5 Rc8 19. d5 exd5 20.
cxd5 Rc5 21. Nc7 Rxc7 22. Qxa6 bxa6 23. Nc6 Rd7 24. d6 Bxd6 0-1

[Event "Bezirk EM 2023"]
[Site "bei SWNS"]
[Date "2023.09.08"]
[Round "5.3"]
[White "Boehme, Markus"]
[Black "Erlbeck, Peter"]
[Result "1-0"]
[WhiteElo "2127"]
[BlackElo "2007"]
[Annotator "Dimi"]
[PlyCount "77"]
[EventDate "2023.??.??"]
[WhiteTeam "SC Uttenreuth"]
[BlackTeam "SW Nürnberg Süd"]

{[%evp 0,24,23,19,69,46,43,40,67,48,44,44,28,3,-2,3,5,11,6,4,16,20,27,35,23,18,
28]} 1. e4 c5 2. Nf3 Nc6 3. Bb5 g6 4. O-O Bg7 5. Re1 Nf6 6. c3 O-O 7. d4 cxd4
8. cxd4 d5 9. e5 Ne4 10. Nc3 Nxc3 11. bxc3 Na5 12. Bd3 a6 13. Bg5 h6 14. Bf4
Be6 15. Qc1 Kh7 16. h4 Qd7 17. h5 Bf5 18. e6 fxe6 19. hxg6+ Kg8 20. Bxf5 Rxf5
21. Bxh6 Raf8 22. Bxg7 Kxg7 23. Ne5 Qc8 24. Qe3 Nc4 25. Nxc4 dxc4 26. Qxe6 Qxe6
27. Rxe6 Rxf2 28. Rb1 b5 29. Rxa6 Rc2 30. Rxb5 Rff2 31. Rg5 Rfe2 32. Rg3 Rxa2
33. Rxa2 Rxa2 34. Re3 Kxg6 35. Rxe7 Rc2 36. Re3 Kf5 37. Rf3+ Kg4 38. Rf2 Rxc3
39. Rd2 1-0

[Event "Bezirk EM 2023"]
[Site "bei SWNS"]
[Date "2023.09.08"]
[Round "5.4"]
[White "Hofer, Stefan"]
[Black "Boehme, Sebastian"]
[Result "0-1"]
[WhiteElo "1989"]
[BlackElo "2149"]
[Annotator "Dimi"]
[PlyCount "53"]
[EventDate "2023.??.??"]
[WhiteTeam "TSV Cadolzburg"]
[BlackTeam "SC Erlangen"]

{[%evp 0,36,24,30,23,20,35,-20,6,-40,-8,-29,27,9,15,3,-7,-13,-9,-9,-12,-77,-86,
-275,-274,-308,-290,-290,-290,-305,-191,-420,-411,-519, -332,-332,-332,-326,
-346]} 1. Nf3 d5 2. d4 Nf6 3. c4 e6 4. g3 dxc4 5. Bg2 a6 6. O-O Nc6 7. e3 Bd7
8. Nbd2 b5 9. Ne5 Nd5 10. Bxd5 exd5 11. Nxf7 Kxf7 12. Qh5+ g6 13. Qxd5+ Be6 14.
Qf3+ Kg7 15. d5 Qxd5 16. e4 Qd3 17. Qxd3 cxd3 18. b3 Bc5 19. Bb2+ Bd4 20. Rac1
Bxb2 21. Rxc6 Rhe8 22. Rxc7+ Kg8 23. f4 Rac8 24. Rxc8 Rxc8 25. f5 gxf5 26. exf5
Bd4+ 27. Kg2 0-1

[Event "Bezirk EM 2023"]
[Site "bei SWNS"]
[Date "2023.09.08"]
[Round "5.5"]
[White "Rieber, Rene"]
[Black "Seibold, Hubert"]
[Result "1-0"]
[WhiteElo "1814"]
[BlackElo "2096"]
[PlyCount "61"]
[EventDate "2023.??.??"]
[WhiteTeam "SC Ansbach"]
[BlackTeam "SK Zirndorf"]

1. e4 c5 2. Nf3 g6 3. d4 cxd4 4. Nxd4 Bg7 5. Nc3 Nc6 6. Nxc6 bxc6 7. Bc4 d6 8.
f4 Qa5 9. Bd2 Qc5 10. Qe2 Qb6 11. Na4 Qc7 12. O-O e6 13. f5 Be5 14. fxe6 Bxe6
15. Bxe6 fxe6 16. Qc4 Ke7 17. Bc3 Bxc3 18. Qxc3 e5 19. Qf3 Re8 20. Rad1 h5 21.
Qf7+ Kd8 22. Qxg6 Rh6 23. Qg5+ Qe7 24. Qd2 Rg6 25. Qb4 Kc7 26. Qa5+ Kc8 27. Rd3
Qc7 28. Qa6+ Qb7 29. Qc4 Re7 30. Rf8+ Kd7 31. Nc5+ 1-0

[Event "Bezirk EM 2023"]
[Site "bei SWNS"]
[Date "2023.09.08"]
[Round "5.6"]
[White "Meulner, Klaus"]
[Black "Johanni, Harald"]
[Result "1-0"]
[WhiteElo "2063"]
[BlackElo "1875"]
[PlyCount "59"]
[EventDate "2023.??.??"]
[WhiteTeam "SW Nürnberg Süd"]
[BlackTeam "SGem 1978 Nürnberg"]

1. Nf3 Nf6 2. c4 c5 3. b3 g6 4. Bb2 Bg7 5. g3 O-O 6. Bg2 e6 7. O-O d5 8. cxd5
exd5 9. d4 cxd4 10. Nxd4 Nc6 11. Nxc6 bxc6 12. Nc3 Re8 13. Rc1 a5 14. Na4 Qd6
15. Nb6 Ba6 16. Nxa8 Bxe2 17. Qc2 Bxf1 18. Kxf1 Rxa8 19. Qxc6 Qxc6 20. Rxc6 Ne4
21. Bxg7 Kxg7 22. Bxe4 dxe4 23. Rc4 f5 24. Ra4 Kf6 25. b4 Ke6 26. Rxa5 Rxa5 27.
bxa5 Kd6 28. Ke2 Kc6 29. Ke3 Kb5 30. g4 1-0

[Event "Bezirk EM 2023"]
[Site "bei SWNS"]
[Date "2023.09.08"]
[Round "5.7"]
[White "Funk, Benno"]
[Black "Redzepovic, Irfan"]
[Result "0-1"]
[WhiteElo "1542"]
[BlackElo "2074"]
[Annotator "Dimi"]
[PlyCount "48"]
[EventDate "2023.??.??"]
[WhiteTeam "SGem 1882 Fürth"]
[BlackTeam "SW Nürnberg Süd"]

{[%evp 0,23,39,18,14,13,10,17,11,3,13,-7,13,27,12,-10,13,13,16,0,22,33,65,53,
53,60]} 1. e4 e5 2. Nf3 Nc6 3. Bc4 Nf6 4. d3 Bc5 5. c3 d6 6. O-O a5 7. Nbd2 Ba7
8. h3 h6 9. Re1 g5 10. Nf1 g4 11. hxg4 Nxg4 12. Ne3 Rg8 13. d4 Qf6 14. dxe5
Ncxe5 15. Be2 Nxf2 16. Kxf2 Ng4+ 17. Kf1 Bxe3 18. Bb5+ c6 19. Bxe3 cxb5 20. Qd4
Ne5 21. Re2 Rxg2 22. Rxg2 Bh3 23. Qd1 Nxf3 24. Bf2 O-O-O 0-1

[Event "Bezirk EM 2023"]
[Site "bei SWNS"]
[Date "2023.09.08"]
[Round "5.8"]
[White "Kroneder, Christian"]
[Black "Meulner, Fabian"]
[Result "0-1"]
[WhiteElo "2047"]
[BlackElo "1971"]
[PlyCount "76"]
[EventDate "2023.??.??"]
[WhiteTeam "SK Schwanstetten"]
[BlackTeam "SC Jäklechemie"]

1. d4 g6 2. Nc3 Bg7 3. Bf4 d6 4. Nf3 Nd7 5. e3 e5 6. Bg5 f6 7. Bh4 Nh6 8. dxe5
dxe5 9. Bc4 Nf5 10. Bg3 Nd6 11. Bd5 Qe7 12. a4 Nb6 13. Ba2 Be6 14. a5 Nbc4 15.
Bxc4 Nxc4 16. Qe2 O-O 17. O-O Rfd8 18. Rfb1 Nd6 19. b4 Qf7 20. Qe1 Nf5 21. a6
b6 22. Rd1 Bc4 23. b5 Qe8 24. Rxd8 Rxd8 25. Qb1 Bf8 26. e4 Nd6 27. Nd2 Nxb5 28.
Nxc4 Nxc3 29. Qb3 Ne2+ 30. Kf1 Nxg3+ 31. hxg3 Qe6 32. Ne3 Kf7 33. Ke2 Bc5 34.
Nd5 c6 35. Nc3 Bd4 36. Rd1 Ke7 37. Na4 Qxb3 38. cxb3 b5 0-1

[Event "Bezirk EM 2023"]
[Site "bei SWNS"]
[Date "2023.09.08"]
[Round "5.9"]
[White "Roeschinger, Udo"]
[Black "Koenig, Oliver"]
[Result "0-1"]
[WhiteElo "2015"]
[BlackElo "2039"]
[PlyCount "72"]
[EventDate "2023.??.??"]
[WhiteTeam "SC Heilsbronn"]
[BlackTeam "SF Fürth"]

1. e4 Nc6 2. b3 e5 3. Nf3 Bc5 4. Nc3 Nf6 5. Be2 d6 6. d3 a6 7. O-O O-O 8. Bg5
h6 9. Bh4 Nd4 10. Nxd4 Bxd4 11. Bxf6 Qxf6 12. Nd5 Qd8 13. c3 Ba7 14. Bg4 Be6
15. Ne3 Qg5 16. Bxe6 fxe6 17. Qe2 Rf7 18. Rae1 Raf8 19. f3 h5 20. Kh1 Rf4 21.
Nd1 Qf6 22. Nf2 g5 23. Nh3 Rh4 24. g3 Rxh3 25. Qg2 Rxh2+ 26. Qxh2 Rf7 27. Kg2
h4 28. gxh4 Rh7 29. h5 Qh6 30. Rh1 g4 31. Re2 gxf3+ 32. Kxf3 Qf6+ 33. Kg2 Rg7+
34. Qg3 Rxg3+ 35. Kxg3 Qf4+ 36. Kg2 Qg4+ 0-1

[Event "Bezirk EM 2023"]
[Site "bei SWNS"]
[Date "2023.09.08"]
[Round "5.10"]
[White "Suess, Helmut"]
[Black "Mueller, Christian"]
[Result "0-1"]
[WhiteElo "1793"]
[BlackElo "2020"]
[PlyCount "96"]
[EventDate "2023.??.??"]
[WhiteTeam "SC Noris-Tarrasch Nürnberg"]
[BlackTeam "SW Nürnberg Süd"]

1. d4 d5 2. Bf4 Nf6 3. e3 c5 4. Nc3 cxd4 5. exd4 a6 6. Bd3 Nc6 7. Nge2 Bg4 8.
f3 Bh5 9. a3 e6 10. g4 Bg6 11. h4 Bd6 12. Bxd6 Qxd6 13. h5 Bxd3 14. Qxd3 Rc8
15. g5 Nd7 16. f4 Ne7 17. Kf2 Nf5 18. Qf3 Qb6 19. Qd3 Qd6 20. Rhd1 O-O 21. Qf3
Nb6 22. b3 Rc6 23. Rd3 Rfc8 24. Kg1 Na8 25. b4 Rc4 26. Rb1 Nc7 27. Rb3 Ne8 28.
b5 a5 29. a4 b6 30. Qf1 Qc7 31. Qh3 Ned6 32. Qf3 Qb7 33. Qg2 Qd7 34. Qf2 Qc7
35. Qe1 Qe7 36. Qf2 Rb4 37. Qe1 Rcc4 38. Qb1 Nxd4 39. Rxb4 Nxe2+ 40. Nxe2 Rxb4
41. Qa1 Qc7 42. Rc3 Rc4 43. Rxc4 Qxc4 44. Qe5 Qc5+ 45. Kf1 d4 46. Nc1 Qxe5 47.
fxe5 Nc4 48. Nd3 Ne3+ 0-1

[Event "Bezirk EM 2023"]
[Site "bei SWNS"]
[Date "2023.09.08"]
[Round "5.11"]
[White "Pokorny, Klaus"]
[Black "Link, Andreas"]
[Result "0-1"]
[WhiteElo "1856"]
[BlackElo "2079"]
[PlyCount "68"]
[EventDate "2023.??.??"]
[WhiteTeam "TSV Kirchehrenbach"]
[BlackTeam "Zabo-Eintracht Nbg."]

1. d4 Nf6 2. Nf3 g6 3. Bg5 Bg7 4. c3 Ne4 5. Bh4 h6 6. Nfd2 d5 7. Nxe4 dxe4 8.
e3 O-O 9. Nd2 f5 10. Bc4+ Kh7 11. Qe2 Qe8 12. O-O-O e5 13. dxe5 Nc6 14. Bg3
Nxe5 15. Bxe5 Qxe5 16. Nb1 Be6 17. Na3 a6 18. Bxe6 Qxe6 19. Qc4 Qe7 20. Nc2 c5
21. Rd5 Rac8 22. Rhd1 b5 23. Qb3 Rfd8 24. g3 Rxd5 25. Qxd5 Rc7 26. Qd6 Qf7 27.
Qxa6 b4 28. Qd6 bxc3 29. b3 Ra7 30. Qd5 Qc7 31. g4 fxg4 32. Qxe4 Qf7 33. Qxg4
Rxa2 34. Rd6 Rxc2+ 0-1

[Event "Bezirk EM 2023"]
[Site "bei SWNS"]
[Date "2023.09.08"]
[Round "5.12"]
[White "Delikatnyi, Denys"]
[Black "Kanewski, Josef"]
[Result "1-0"]
[WhiteElo "1542"]
[BlackElo "2009"]
[Annotator "Dimi"]
[PlyCount "63"]
[EventDate "2023.??.??"]
[WhiteTeam "SC Forchheim"]
[BlackTeam "SW Nürnberg Süd"]

{[%evp 0,20,18,25,46,15,3,-11,-4,-1,20,20,52,57,67,67,56,24,18,6,120,120,117]} 
1. e4 c5 2. c3 d5 3. exd5 Qxd5 4. d4 e6 5. Nf3 cxd4 6. cxd4 Nf6 7. Nc3 Qd6 8.
Bb5+ Nc6 9. Ne5 Be7 10. Bf4 Nd5 11. Nxc6 Nxf4 12. Ne5+ Kf8 13. O-O Ng6 14. Re1
a6 15. Ba4 b5 16. Qf3 Nxe5 17. Qxa8 Qc6 18. Qxc6 Nxc6 19. Nxb5 axb5 20. Bxb5
Na7 21. Rec1 Bd6 22. b4 Ke7 23. Be2 Bd7 24. Rab1 Rb8 25. a3 Nb5 26. Bxb5 Bxb5
27. f3 Bf4 28. Rc3 Rd8 29. Rc5 Be3+ 30. Kh1 Rd5 31. Rxd5 exd5 32. Re1 1-0

[Event "Bezirk EM 2023"]
[Site "bei SWNS"]
[Date "2023.09.08"]
[Round "5.13"]
[White "Zeltner, Ottmar"]
[Black "Blumenthal, Benjamin"]
[Result "1/2-1/2"]
[WhiteElo "1982"]
[BlackElo "1790"]
[Annotator "Dimi"]
[PlyCount "31"]
[EventDate "2023.??.??"]
[WhiteTeam "SK Rothenburg"]
[BlackTeam "SC N-T Nürnberg"]

{[%evp 0,13,28,32,92,18,18,5,12,10,10,17,14,29,3,0]} 1. e4 Nf6 2. Nc3 e5 3. Nf3
Nc6 4. Bc4 Bc5 5. d3 h6 6. O-O d6 7. h3 Na5 8. Bb3 Nxb3 9. axb3 a6 10. Ne2 O-O
11. Ng3 Re8 12. Bd2 c6 13. Qc1 Nh7 14. b4 Bb6 15. c4 Bd7 16. Bc3 1/2-1/2

[Event "Bezirk EM 2023"]
[Site "bei SWNS"]
[Date "2023.09.08"]
[Round "5.14"]
[White "Ulusoy, Tolga"]
[Black "Bruss, Robert"]
[Result "0-1"]
[WhiteElo "1993"]
[BlackElo "1854"]
[PlyCount "96"]
[EventDate "2023.??.??"]
[WhiteTeam "SC N-T Nürnberg"]
[BlackTeam "SV Altensittenbach"]

1. c4 e6 2. e4 d5 3. exd5 exd5 4. d4 Nf6 5. Nf3 Bb4+ 6. Nc3 O-O 7. Be2 dxc4 8.
O-O Nbd7 9. Bxc4 Nb6 10. Bb3 Nbd5 11. Qd3 c6 12. Bg5 Be7 13. Rfe1 Be6 14. Ne5
Nb4 15. Qd2 Bxb3 16. axb3 Nfd5 17. Bxe7 Nxe7 18. Ne4 Na6 19. Rad1 Qd5 20. Qe3
Rad8 21. Qg3 f6 22. Nc4 Nf5 23. Qg4 Nb4 24. Nc3 Qd7 25. Re4 b5 26. Ne3 Nd6 27.
Qxd7 Rxd7 28. Rf4 a6 29. d5 c5 30. Ne4 Nxe4 31. Rxe4 Rfd8 32. d6 g6 33. g3 Kf7
34. Re1 Rxd6 35. Kg2 f5 36. Rh4 Kg7 37. Nxf5+ gxf5 38. Re7+ Kf6 39. Rhxh7 Re6
40. Rhf7+ Ke5 41. Rc7 Nd3 42. h4 Rd5 43. f4+ Nxf4+ 44. gxf4+ Kxf4 45. Kf2 Rd2+
46. Kf1 Rde2 47. Rxc5 Re1+ 48. Kg2 R6e2+ 0-1

[Event "Bezirk EM 2023"]
[Site "bei SWNS"]
[Date "2023.09.08"]
[Round "5.15"]
[White "Lorenz, Mathias"]
[Black "Schalaev, Seryozka"]
[Result "0-1"]
[WhiteElo "1774"]
[BlackElo "1702"]
[PlyCount "38"]
[EventDate "2023.??.??"]
[WhiteTeam "SK Schwanstetten"]
[BlackTeam "SC Jäklechemie"]

1. e4 e6 2. c4 d5 3. exd5 exd5 4. cxd5 Qxd5 5. Nc3 Qd8 6. Bc4 Nc6 7. Bb5 Bd7 8.
Nf3 Qe7+ 9. Qe2 O-O-O 10. O-O Qf6 11. Qc4 Nge7 12. d4 Bg4 13. Bxc6 Nxc6 14. Bg5
Qg6 15. d5 Bxf3 16. dxc6 Bxc6 17. Qg4+ f5 18. Qg3 Bd6 19. Bf4 Bxf4 0-1

[Event "Bezirk EM 2023"]
[Site "bei SWNS"]
[Date "2023.09.08"]
[Round "5.16"]
[White "Vennemann, Jürgen"]
[Black "Gottlieb, Michael"]
[Result "1/2-1/2"]
[WhiteElo "1879"]
[BlackElo "1653"]
[Annotator "Dimi"]
[PlyCount "36"]
[EventDate "2023.??.??"]
[WhiteTeam "SC Hersbruck"]
[BlackTeam "SV Postbauer"]

{[%evp 0,31,18,21,26,13,13,-11,-2,-24,-33,-29,-15,-19,-18,-17,8,-2,-2,-44,-12,
-7,11,15,11,22,32,-110,-109,-110,-77,-67,-81,-81]} 1. e4 e5 2. Nf3 Nc6 3. Be2
Nf6 4. d3 d5 5. Nbd2 h6 6. O-O Be6 7. c3 g5 8. b4 g4 9. Nh4 Nxe4 10. dxe4 Qxh4
11. exd5 Bxd5 12. Bxg4 Rg8 13. Ne4 Rd8 14. Bg5 Rxg5 15. Nf6+ Ke7 16. Nxd5+ Rxd5
17. Qxd5 Qxg4 18. Rfe1 Qd7 1/2-1/2

[Event "Bezirk EM 2023"]
[Site "bei SWNS"]
[Date "2023.09.09"]
[Round "6.1"]
[White "Albert, Markus"]
[Black "Heidrich, Manfred"]
[Result "1/2-1/2"]
[WhiteElo "2222"]
[BlackElo "2339"]
[PlyCount "74"]
[EventDate "2023.??.??"]
[WhiteTeam "SC Ansbach 1855"]
[BlackTeam "SC Forchheim"]

1. e4 c5 2. Nf3 Nc6 3. Bb5 g6 4. Bxc6 dxc6 5. d3 Bg7 6. Nc3 e5 7. O-O Qc7 8.
Ne1 Ne7 9. f4 O-O 10. fxe5 Bxe5 11. Nf3 Bg7 12. Be3 b6 13. Qd2 Be6 14. Bh6 f6
15. Rae1 Rae8 16. Bxg7 Kxg7 17. a3 a5 18. Rf2 Bg4 19. Ref1 Bxf3 20. Rxf3 Qe5
21. Qf2 Qd4 22. Qxd4 cxd4 23. Ne2 c5 24. Nf4 Ng8 25. g4 Re5 26. a4 Ne7 27. h3
Rb8 28. b3 b5 29. axb5 Rxb5 30. Ne2 Re6 31. Ra1 Ra6 32. Rf2 a4 33. bxa4 Rb4 34.
Nf4 Kf7 35. Re1 Rbxa4 36. e5 Ra1 37. Rff1 Rxe1 1/2-1/2

[Event "Bezirk EM 2023"]
[Site "bei SWNS"]
[Date "2023.09.09"]
[Round "6.2"]
[White "Willim, Michael"]
[Black "Boehme, Markus"]
[Result "1-0"]
[WhiteElo "2095"]
[BlackElo "2127"]
[PlyCount "57"]
[EventDate "2023.??.??"]
[WhiteTeam "SC Erlangen"]
[BlackTeam "SC Uttenreuth"]

1. d4 Nf6 2. c4 e6 3. Nf3 d5 4. Nc3 c6 5. e3 Nbd7 6. Be2 Bd6 7. O-O O-O 8. b3
Ne4 9. Bb2 f5 10. Ne5 Nxe5 11. Nxe4 fxe4 12. dxe5 Bc7 13. Qd4 Rf5 14. f4 exf3
15. Rxf3 Bxe5 16. Qxe5 Rxe5 17. Bxe5 Qe7 18. Raf1 c5 19. Bd3 Bd7 20. Rf7 Qg5
21. Bf4 Qd8 22. Bd6 b6 23. Rf8+ Qxf8 24. Bxf8 dxc4 25. bxc4 Be8 26. Be4 Rc8 27.
Be7 Bf7 28. Rd1 e5 29. Bd8 1-0